00485nam a2200193 a 4500001001300000003000900013005001700022008004100039020001000080082001500090100002100105245002300126260003600149300000900185500003500194505001900229650002200248700002100270nice12345678IN_TiNIC20260116011936.0050524s1928 dela grp 000 0 ara  ac10000a269.2bJON aJones, S Stanley aAl-Masih Fil Hind. aDelhibAastana Book Depotc1928 a245p aincludes index and biblioraphy2 aReserve copies aEvangelistic Work1 aJones, S Stanley